MARC детайли
| 000 -Лидер |
| Контролно поле с фиксирана дължина |
02885nam a2200517 c 4500 |
| 003 - Код на организацията, давaща контролен номер |
| Контролно поле |
BLK |
| 005 - Дата и час на последна редакция |
| Контролно поле |
20240320140539.0 |
| 008 - Елементи от данни с фиксирана дължина |
| fixed length control field |
180410b bul|||||r ||||||| ||bul|| |
| 010 ## - Наследен системен номер |
| LC control number |
KNG00157319000 |
| 040 ## - Източник на каталожния запис |
| Идентификатор на билиотеката - собственик на записа |
BLK |
| 041 ## - Код за език |
| Код за езика на текст/звукозапис или на отделно заглавие |
Български |
| Код за езика КДБФ |
Български |
| 072 #7 - Код за тематичната категория |
| Код организация |
bullib |
| Код за тематична категория |
К |
| Текст |
Краезнание |
| 080 ## - УДК |
| Текстов определител УДК |
Комунистически партии. Вж и 327.323 |
| УДК код - определител по УДК |
329.15 |
| УДК определител |
(497.215)БКП |
| УДК - код + определител |
329.15(497.215)БКП |
| 139 ## - Редно поле |
| Редна дума |
История на Русенската партийна организация (1896 - 1971) |
| Авторски знак |
Истор - И 95 |
| 245 10 - Сведения за заглавието |
| Заглавие |
История на Русенската партийна организация (1896 - 1971) |
| Редно поле (дума) |
състав. Борис Митев; ред. Борис Митев; ред. Илия Бочев. |
| 257 ## - Страна на издаване |
| Страна на създаване/издаване |
България |
| 260 ## - Област на издателските данни |
| Място на издаване, разпространение и проч. |
София |
| Име на издателя, разпространителя и проч. |
Партиздат |
| Година на издаване |
1971 |
| Печатница |
В. Търново : Д. Найденов |
| 300 ## - Физическа характеристика |
| Страници |
436 с. |
| Размери/Мащаб |
20 см |
| 380 ## - Жанр |
| Жанр |
Обществени науки |
| 500 ## - Общи забележки |
| Забележка |
Други авт.: Ил. Бочев, Ив. Радков, П. Данаилов, А. Ангелов, Г. Гьонов, П. Балбузанов, Р. Гечева, М. Крумов, А. Петков, К. Петров, Л. Христов, Г. Симеонов, Н. Христов, Н. Даскалов, Т. Ненов, Вл. Басаров, Цв. Цветков, Р. Стоянов, посочени на гърба на загл. с. - Др. изд.: Русе: ОК на БКП. - 10 100 тир. |
| 500 ## - Общи забележки |
| Забележка |
За участието на Ал. Атанасов в Първия конгрес на БКП и избирането му за член на новосъздадения Висш партиен съвет; Отчет на Ал. Атанасов за дейността на парламентарната група на БКП т.с. пред районната конференция в с. Г. Враново през зимата на 1922 г. - с. 84, 107. |
| 650 #4 - Допълнително описание по предмет – тема |
| Основно описание – тема или топоним |
БКП - Русе |
| 9 (RLIN) |
330920 |
| 650 #4 - Допълнително описание по предмет – тема |
| Основно описание – тема или топоним |
БКП - партийни организации |
| 9 (RLIN) |
331199 |
| 650 #4 - Допълнително описание по предмет – тема |
| Основно описание – тема или топоним |
БКП - история |
| 9 (RLIN) |
251670 |
| 651 #4 - Допълнително описание по предмет - топоним |
| Географско понятие |
България |
| 9 (RLIN) |
241624 |
| 651 #4 - Допълнително описание по предмет - топоним |
| Географско понятие |
Русе |
| 9 (RLIN) |
179462 |
| 653 ## - Ключова дума – ненормативна |
| Ключова дума |
БКП |
| 653 ## - Ключова дума – ненормативна |
| Ключова дума |
история |
| 653 ## - Ключова дума – ненормативна |
| Ключова дума |
партийни организации |
| 653 ## - Ключова дума – ненормативна |
| Ключова дума |
Русе |
| 659 ## - Тематичен бюлетин |
| Тематичен бюлетин |
К |
| 700 1# - Други автори (авторска отговорност) |
| Лично име |
Митев, Борис |
| Автороска отговорност (Описва отношението между автора и произведението) |
състав. |
| 9 (RLIN) |
375297 |
| 700 1# - Други автори (авторска отговорност) |
| Лично име |
Митев, Борис |
| Автороска отговорност (Описва отношението между автора и произведението) |
ред. |
| 9 (RLIN) |
375297 |
| 700 1# - Други автори (авторска отговорност) |
| Лично име |
Бочев, Илия |
| Автороска отговорност (Описва отношението между автора и произведението) |
ред. |
| 9 (RLIN) |
331198 |
| 852 ## - Местоположение |
| Форматна сигнатура |
Цб 61324 |
| Фондова буква |
Хранилище |
| 852 ## - Местоположение |
| Форматна сигнатура |
К 329(497.2)/И 95 |
| 856 4# - Електронен адрес и достъп |
| Електронен формат |
pdf - файл |
| 856 4# - Електронен адрес и достъп |
| Електронен формат |
pdf - файл |
| 942 ## - АРТИКУЛИ |
| Вид на библиотечния материал |
Книги |
| Скрит в OPAC |
Не |
| Периодичен библиозапис |
Да |
| 944 ## - СЪЗДАВАНЕ И РЕДАКЦИЯ на ЗАПИСА |
| Създаване/Редакция |
Създаване |
| Дата на регистрацията/редакция |
28.02.2014 |
| Статус, дата на статуса |
Моника Янева |
| Служител, извършил регистрацията/редакцията |
30570 |
| 944 ## - СЪЗДАВАНЕ И РЕДАКЦИЯ на ЗАПИСА |
| Създаване/Редакция |
Редакция |
| Дата на регистрацията/редакция |
23.06.2016 |
| Статус, дата на статуса |
28.02.2014 - от С1,Р / 28.02.2014 |
| Служител, извършил регистрацията/редакцията |
Нора_Радева |
| 944 ## - СЪЗДАВАНЕ И РЕДАКЦИЯ на ЗАПИСА |
| Създаване/Редакция |
Редакция |
| Дата на регистрацията/редакция |
2022-08-01 |
| Служител, извършил регистрацията/редакцията |
ВП |
| 999 ## - СИСТЕМНИ КОНТРОЛНИ НОМЕРА |
| Koha biblionumber |
150964 |
| Koha biblioitemnumber |
150964 |
| 999 ## - СИСТЕМНИ КОНТРОЛНИ НОМЕРА |
| Koha biblioitemnumber |
150964 |
| 999 ## - СИСТЕМНИ КОНТРОЛНИ НОМЕРА |
| Koha biblioitemnumber |
150964 |
| 999 ## - СИСТЕМНИ КОНТРОЛНИ НОМЕРА |
| Koha biblioitemnumber |
150964 |